2. Ulusal Bölge Planlaması Kongresi : (Kayıt no. 10178)
[ düz görünüm ]
| 000 -BAŞLIK | |
|---|---|
| Sabit Uzunluktaki Kontrol Alanı | 00740nam a2200205 4500 |
| 003 - KONTROL NUMARASI KİMLİĞİ | |
| Kontrol Alanı | KOHA_MİRAKIL |
| 005 - EN SON İŞLEM TARİHİ ve ZAMANI | |
| Kontrol Alanı | 20260407093234.0 |
| 008 - SABİT UZUNLUKTAKİ VERİ ÖGELERİ - GENEL BİLGİ | |
| Sabit Alan | 260407b tu ||||| |||| 00| 0 tur d |
| 040 ## - KATALOGLAMA KAYNAĞI | |
| Özgün Kataloglama Kurumu | TR-AnABB |
| Kataloglama Dili | tur |
| Çeviri Kurumu | TR-AnABB |
| 041 ## - DİL KODU | |
| Metin ya da ses kaydının dil kodu | tur |
| 082 ## - DEWEY ONU SINIFLAMA SİSTEMİ | |
| Sınıflama Numarası | 711.0609561 |
| Cutter numarası | ULU 1989 |
| 111 ## - TOPLANTI ADI | |
| Toplantı Adı | Ulusal Bölge Planlaması Kongresi |
| Toplantı Numarası | (2. : |
| Toplantı Tarihi | 1989 : |
| Toplantı Yeri | İstanbul) |
| 245 10 - ESER ADI BİLDİRİMİ | |
| Başlık | 2. Ulusal Bölge Planlaması Kongresi : |
| Alt Eseradı vb. | bildiriler , 27-28 Ekim 1989, İstanbul / |
| Sorumluluk Bildirimi | İstanbul Teknik Üniversitesi |
| 260 ## - YAYIN, DAĞITIM, VB. | |
| Yayın Yeri | İstanbul : |
| Yayınevi | İstanbul Teknik Üniversitesi, |
| Yayın Tarihi | 1989 |
| 300 ## - FİZİKSEL TANIMLAMA | |
| Sayfa, Cilt vb. | 184 sayfa ; |
| Boyutları | 21 cm |
| 504 ## - BİBLİYOGRAFİ NOTU | |
| Bibliyografi Notu | Kaynakça vardır |
| 650 ## - KONU BAŞLIĞI EK GİRİŞ - KONU TERİMİ | |
| Konusal terim veya coğrafi ad | Kent planlaması, Türkiye, |
| Genel Alt Konu | Kongreler |
| 900 ## - YEREL BİLGİ | |
| Kontrol | Can ÇELIK |
| 942 ## - EK GİRİŞ ÖGELERİ (KOHA) | |
| Sınıflama Kaynağı | Dewey Decimal Classification |
| Materyal Türü | Kitap |
| 111 ## - TOPLANTI ADI | |
| -- | 3321 |
| Geri Çekilme Durumu | Kayıp Durumu | Sınıflandırma Kaynağı | Kredi için değil | Kalıcı Konum | Mevcut Konum | Kayıt Tarih | Toplam Ödünçverme | Yer Numarası | Demirbaş Numarası | Son Görülme Tarihi | Fatura Tarihi | Materyal Türü |
|---|---|---|---|---|---|---|---|---|---|---|---|---|
| Dewey Decimal Classification | Prof. Dr. Ruşen Keleş Kütüphanesi | Prof. Dr. Ruşen Keleş Kütüphanesi | 07/04/2026 | 711.0609561 ULU 1989 | RK7010 | 07/04/2026 | 07/04/2026 | Kitap |
